[Event "Hoogeveen open"]
[Site "Hoogeveen, Netherlands"]
[Date "2008.10.22"]
[Round "6"]
[White "Potze, Rudolf"]
[Black "Galje, Hans"]
[Result "1/2-1/2"]
[WhiteElo "2105"]
[BlackElo "2121"]
[PlyCount "104"]
[EventDate "2008.??.??"]

1. e4 c5 2. c3 g6 3. d4 cxd4 4. cxd4 d5 5. e5 Nc6 6. Nc3 Bg7 7. Bb5 Nh6 8. Nf3
Bg4 9. Be3 O-O 10. h3 Bxf3 11. Qxf3 Nf5 12. Rd1 e6 13. O-O Rc8 14. Qe2 f6 15.
Bxc6 Rxc6 16. f4 Ng3 17. Qd2 Nxf1 18. Rxf1 Qa5 19. Rf2 Rfc8 20. h4 f5 21. h5
Bf8 22. Qe2 Rc4 23. Qf3 Bb4 24. Qg3 Bxc3 25. bxc3 Kg7 26. Bd2 Qd8 27. Be1 b5
28. Rf3 b4 29. Qh3 bxc3 30. hxg6 hxg6 31. Bxc3 Qh8 32. Qg3 Qh6 33. Qe1 Rh8 34.
Qd2 Qh1+ 35. Kf2 Rh2 36. Rg3 Qb1 37. Re3 Rh1 38. Qe2 Ra4 39. Bb2 Rxa2 40. Rb3
Qg1+ 41. Kg3 Qe1+ 42. Qxe1 Rxe1 43. Ba3 Ree2 44. Rb7+ Kg8 45. Be7 Rxg2+ 46. Kh3
Rg4 47. Rd7 Ra1 48. Kh2 a5 49. Bf6 Ra2+ 50. Kh3 Ra1 51. Rd8+ Kf7 52. Rd7+ Kf8
1/2-1/2

[Event "Hoogeveen open"]
[Site "Hoogeveen"]
[Date "2008.??.??"]
[Round "7"]
[White "Fier, Alexandr"]
[Black "L'Ami, Erwin"]
[Result "1/2-1/2"]
[WhiteElo "2581"]
[BlackElo "2610"]
[PlyCount "29"]
[EventDate "2008.??.??"]

1. e4 c6 2. d4 d5 3. e5 Bf5 4. Nc3 e6 5. g4 Bg6 6. Nge2 c5 7. h4 h5 8. Nf4 Bh7
9. Nxh5 Nc6 10. dxc5 Bxc5 11. Bb5 Qc7 12. Bxc6+ Qxc6 13. Qf3 O-O-O 14. Bg5 f6
15. exf6 1/2-1/2

[Event "Hoogeveen open"]
[Site "Hoogeveen"]
[Date "2008.??.??"]
[Round "7"]
[White "Spoelman, Wouter"]
[Black "Nijboer, Friso"]
[Result "1/2-1/2"]
[WhiteElo "2459"]
[BlackElo "2540"]
[PlyCount "71"]
[EventDate "2008.??.??"]

1. e4 e5 2. Nf3 Nc6 3. Bb5 a6 4. Ba4 Nf6 5. O-O Be7 6. Re1 b5 7. Bb3 d6 8. c3
O-O 9. h3 Bb7 10. d4 Re8 11. Nbd2 Bf8 12. a3 h6 13. Bc2 Nb8 14. b4 Nbd7 15. Bb2
g6 16. a4 Nb6 17. a5 Nbd7 18. c4 bxc4 19. dxe5 Nxe5 20. Nxe5 dxe5 21. Bc3 c5
22. Nxc4 cxb4 23. Bxe5 Nd7 24. Bd6 Nc5 25. e5 b3 26. Bxb3 Qg5 27. f3 Rad8 28.
Ba2 Ne6 29. Qd2 Qxd2 30. Nxd2 Bxd6 31. exd6 Rxd6 32. Ne4 Bxe4 33. Rxe4 Kf8 34.
Rb1 Nd8 35. Rxe8+ Kxe8 36. Bc4 1/2-1/2

[Event "Hoogeveen open"]
[Site "Hoogeveen"]
[Date "2008.??.??"]
[Round "7"]
[White "Agamaliev, Gamil"]
[Black "Pavlovic, Milos"]
[Result "1/2-1/2"]
[WhiteElo "2479"]
[BlackElo "2524"]
[PlyCount "85"]
[EventDate "2008.??.??"]

1. d4 d5 2. c4 c6 3. cxd5 cxd5 4. Nc3 Nf6 5. Nf3 Nc6 6. Bf4 a6 7. Rc1 Bf5 8. e3
e6 9. Bd3 Bxd3 10. Qxd3 Be7 11. h3 O-O 12. O-O Rc8 13. a3 Nd7 14. Rc2 Nb6 15.
Rfc1 Qd7 16. Nb1 Nc4 17. Nbd2 b5 18. e4 a5 19. exd5 exd5 20. Nf1 a4 21. Ne3
Rfe8 22. Re2 Bf8 23. Rce1 f6 24. h4 Re4 25. Bg3 Rce8 26. h5 h6 27. Nd1 Rxe2 28.
Rxe2 b4 29. Rxe8 Qxe8 30. axb4 Nxb4 31. Qf5 Qe4 32. Qc8 Qb1 33. Qe6+ Kh7 34.
Kh2 Qxd1 35. Qf5+ Kh8 36. Nh4 Qe2 37. Ng6+ Kg8 38. Be5 Nxe5 39. Qe6+ Kh7 40.
Nxf8+ Kh8 41. Ng6+ Kh7 42. Nf8+ Kh8 43. Ng6+ 1/2-1/2

[Event "Hoogeveen open"]
[Site "Hoogeveen"]
[Date "2008.??.??"]
[Round "7"]
[White "Haslinger, Stewart"]
[Black "Hort, Vlastimil"]
[Result "1-0"]
[WhiteElo "2506"]
[BlackElo "2478"]
[PlyCount "67"]
[EventDate "2008.??.??"]

1. e4 c6 2. d4 d5 3. e5 Bf5 4. Nf3 e6 5. Be2 h6 6. O-O Nd7 7. Nbd2 Ne7 8. Nb3
Qc7 9. a4 Bh7 10. Bd2 g5 11. Rc1 Ng6 12. a5 Be7 13. c4 dxc4 14. Bxc4 a6 15. Ne1
Nf4 16. Qf3 Nf8 17. Kh1 Rd8 18. Bxf4 gxf4 19. Nd3 Ng6 20. g3 Rg8 21. Rce1 Bf8
22. Re2 Qe7 23. Ndc5 fxg3 24. fxg3 Nh8 25. Bxa6 bxa6 26. Qxc6+ Rd7 27. Qxa6 Qd8
28. Nxd7 Qxd7 29. Rc1 Be7 30. Qa8+ Bd8 31. a6 Bd3 32. Nc5 Qxd4 33. Nxd3 Qxd3
34. a7 1-0

[Event "Hoogeveen open"]
[Site "Hoogeveen, Netherlands"]
[Date "2008.10.23"]
[Round "7"]
[White "Ernst, Sipke"]
[Black "Brandenburg, Daan"]
[Result "1/2-1/2"]
[WhiteElo "2576"]
[BlackElo "2436"]
[PlyCount "53"]
[EventDate "2008.??.??"]

1. d4 Nf6 2. c4 c5 3. e3 g6 4. Nc3 cxd4 5. exd4 d5 6. Nf3 Bg7 7. Be2 O-O 8. O-O
dxc4 9. Bxc4 Nc6 10. Re1 a6 11. Ne5 Qxd4 12. Nxc6 Qxc4 13. Nxe7+ Kh8 14. Bg5
Qc5 15. Bxf6 Bxf6 16. Ned5 Bg7 17. Na4 Qd6 18. Ndb6 Qxd1 19. Raxd1 Rb8 20. b3
Bf5 21. Nd7 Bxd7 22. Rxd7 b5 23. Nc5 Rbd8 24. Rxd8 Rxd8 25. Kf1 Bf8 26. Nxa6
Ra8 27. Nc7 1/2-1/2

[Event "Hoogeveen open"]
[Site "Hoogeveen, Netherlands"]
[Date "2008.10.23"]
[Round "7"]
[White "Romanishin, Oleg M"]
[Black "Slingerland, Fred"]
[Result "1/2-1/2"]
[WhiteElo "2532"]
[BlackElo "2373"]
[PlyCount "79"]
[EventDate "2008.??.??"]

1. d4 d5 2. Nf3 Nf6 3. c4 dxc4 4. e3 e6 5. Bxc4 a6 6. O-O c5 7. Bb3 Nc6 8. Nc3
cxd4 9. exd4 Be7 10. Bf4 O-O 11. Rc1 Na5 12. Bc2 b5 13. a4 b4 14. Ne4 Nd5 15.
Bg5 Bxg5 16. Nexg5 g6 17. Ne4 Bb7 18. Nc5 Nf6 19. Nxb7 Nxb7 20. Ne5 Na5 21. Qf3
Kg7 22. Be4 Rc8 23. Rxc8 Qxc8 24. Qd3 Rd8 25. Bf3 Rd6 26. Rd1 Qd8 27. h3 Qb6
28. h4 h5 29. g3 Nd5 30. Bg2 Ne7 31. Be4 Qd8 32. Kg2 Qb6 33. b3 Qc7 34. Nc4 Rd7
35. Ne5 Rd6 36. Nc4 Rd7 37. Ne5 Rd6 38. Nc4 Rd7 39. Ne5 Rd6 40. Nc4 1/2-1/2

[Event "Hoogeveen open"]
[Site "Hoogeveen, Netherlands"]
[Date "2008.10.23"]
[Round "7"]
[White "Ulibin, Mikhail"]
[Black "Robson, Ray"]
[Result "0-1"]
[WhiteElo "2521"]
[BlackElo "2466"]
[PlyCount "72"]
[EventDate "2008.??.??"]

1. c4 e6 2. d4 d5 3. Nf3 Nf6 4. g3 dxc4 5. Bg2 a6 6. O-O b5 7. Ne5 Nd5 8. a4
Bb7 9. axb5 axb5 10. Rxa8 Bxa8 11. e4 Nf6 12. Nc3 c6 13. d5 Be7 14. dxe6 fxe6
15. Qe2 O-O 16. Bh3 Qe8 17. Nf3 Bb7 18. Bf4 Na6 19. Ng5 Nc5 20. Nxe6 Bc8 21.
Nc7 Qh5 22. Bg2 Qxe2 23. Nxe2 Ncxe4 24. Nd4 Nxf2 25. Rxf2 Bc5 26. Nce6 Bxe6 27.
Nxe6 Bxf2+ 28. Kxf2 Re8 29. Nd4 Ng4+ 30. Kf3 Nxh2+ 31. Kf2 Ng4+ 32. Kf3 h5 33.
Nxc6 Re1 34. Bd2 Re6 35. Nd4 Rf6+ 36. Ke4 Rf2 0-1

[Event "Hoogeveen open"]
[Site "Hoogeveen, Netherlands"]
[Date "2008.10.23"]
[Round "7"]
[White "Mekhitarian, Krikor Sevag"]
[Black "Kuipers, Stefan"]
[Result "1/2-1/2"]
[WhiteElo "2511"]
[BlackElo "2292"]
[PlyCount "51"]
[EventDate "2008.??.??"]

1. e4 c5 2. Nf3 Nc6 3. d4 cxd4 4. Nxd4 Nf6 5. Nc3 e5 6. Ndb5 d6 7. Bg5 a6 8.
Na3 b5 9. Bxf6 gxf6 10. Nd5 Bg7 11. Bd3 Ne7 12. Nxe7 Qxe7 13. O-O O-O 14. c4 f5
15. Qh5 Rb8 16. exf5 e4 17. Rae1 Bb7 18. Qg4 Rfe8 19. cxb5 d5 20. bxa6 Bc6 21.
Be2 Qf6 22. Rc1 Bd7 23. a7 Rb7 24. Qf4 Rxa7 25. Nb5 Rxa2 26. Nc3 1/2-1/2

[Event "Hoogeveen open"]
[Site "Hoogeveen, Netherlands"]
[Date "2008.10.23"]
[Round "7"]
[White "Van Assendelft, Floris"]
[Black "Van der Wiel, John T.H"]
[Result "1/2-1/2"]
[WhiteElo "2253"]
[BlackElo "2501"]
[PlyCount "32"]
[EventDate "2008.??.??"]

1. e4 c5 2. Nf3 e6 3. d4 cxd4 4. Nxd4 Nf6 5. Nc3 Nc6 6. Be2 Bb4 7. Nxc6 bxc6 8.
e5 Nd5 9. Bd2 Nxc3 10. bxc3 Bc5 11. O-O O-O 12. Bd3 Qh4 13. g3 Qh3 14. Qe2 f5
15. Be3 Bxe3 16. fxe3 Qh6 1/2-1/2

[Event "Hoogeveen open"]
[Site "Hoogeveen, Netherlands"]
[Date "2008.10.23"]
[Round "7"]
[White "Vedder, Richard"]
[Black "Kempinski, Robert"]
[Result "0-1"]
[WhiteElo "2334"]
[BlackElo "2595"]
[PlyCount "82"]
[EventDate "2008.??.??"]

1. e4 c5 2. Nf3 d6 3. Nc3 a6 4. g3 Nc6 5. Bg2 Nf6 6. d4 cxd4 7. Nxd4 Bd7 8. O-O
e6 9. Nxc6 Bxc6 10. Qd3 Be7 11. Bf4 Qc7 12. Rfd1 Rd8 13. h3 h6 14. Qe2 O-O 15.
a4 Rc8 16. Rd2 Nd7 17. Nd5 Bxd5 18. exd5 e5 19. Be3 f5 20. f4 Bf6 21. c3 Nb6
22. fxe5 Bxe5 23. Bxb6 Qxb6+ 24. Qf2 Qa5 25. Ra3 Rf7 26. Bf1 Qd8 27. c4 Qa5 28.
Rf3 Qxa4 29. Bd3 g6 30. g4 Qa1+ 31. Kg2 fxg4 32. hxg4 Rcf8 33. Rxf7 Rxf7 34.
Qe3 Rf4 35. Qe2 Kg7 36. c5 Qa4 37. Kh3 Qd7 38. cxd6 Qxd6 39. Be4 h5 40. Bf3 Qf6
41. Kg2 hxg4 0-1

[Event "Hoogeveen open"]
[Site "Hoogeveen, Netherlands"]
[Date "2008.10.23"]
[Round "7"]
[White "Van Kooten, Luuk"]
[Black "Ikonnikov, Vyacheslav"]
[Result "1/2-1/2"]
[WhiteElo "2263"]
[BlackElo "2571"]
[PlyCount "125"]
[EventDate "2008.??.??"]

1. d4 Nf6 2. c4 e6 3. Nc3 Bb4 4. e3 b6 5. Nge2 c5 6. a3 Ba5 7. Rb1 Na6 8. Bd2
O-O 9. Ng3 Bb7 10. Bd3 Bxg2 11. Rg1 Bb7 12. d5 Ne8 13. e4 Qh4 14. Qf3 f5 15.
exf5 Nf6 16. Qg2 Rf7 17. Nge2 Bxc3 18. bxc3 exf5 19. Bg5 Qg4 20. Qh1 Qh5 21.
Nf4 Re7+ 22. Kf1 Qf7 23. Bxf5 Re5 24. Bd3 Rf8 25. Qg2 Nc7 26. Re1 Rfe8 27. Rxe5
Rxe5 28. Bxf6 Qxf6 29. Qh3 h6 30. Qxd7 Re7 31. Qf5 Qxf5 32. Bxf5 Rf7 33. Be6
Nxe6 34. Nxe6 Bc8 35. Rg6 Kh7 36. Rg3 Bxe6 37. dxe6 Re7 38. Re3 Kg6 39. Ke2 Kf5
40. Kd3 g5 41. Rf3+ Kxe6 42. Re3+ Kf6 43. Rxe7 Kxe7 44. Ke4 Ke6 45. f4 g4 46.
f5+ Kf6 47. Kf4 h5 48. a4 a6 49. Ke4 h4 50. Kf4 g3 51. hxg3 h3 52. Kf3 Kxf5 53.
g4+ Kg5 54. Kg3 h2 55. Kxh2 Kxg4 56. Kg2 Kf4 57. Kf2 Ke4 58. Ke2 Kf4 59. Kf2 a5
60. Ke2 Ke4 61. Kd2 Kf3 62. Kd3 Kf2 63. Kd2 1/2-1/2

[Event "Hoogeveen open"]
[Site "Hoogeveen, Netherlands"]
[Date "2008.10.23"]
[Round "7"]
[White "Safarli, Eltaj"]
[Black "Van Delft, Merijn"]
[Result "1-0"]
[WhiteElo "2568"]
[BlackElo "2402"]
[PlyCount "49"]
[EventDate "2008.??.??"]

1. e4 c6 2. d3 d5 3. Nd2 Nf6 4. Ngf3 Bg4 5. h3 Bxf3 6. Qxf3 e6 7. g3 g6 8. Bg2
Bg7 9. O-O O-O 10. Qe2 a5 11. f4 a4 12. e5 Nfd7 13. Nf3 b5 14. h4 b4 15. h5 c5
16. c4 bxc3 17. bxc3 Nc6 18. Ng5 Re8 19. Be3 Rc8 20. Qg4 Ne7 21. hxg6 hxg6 22.
Nxe6 fxe6 23. Qxe6+ Kf8 24. f5 gxf5 25. Bg5 1-0

[Event "Hoogeveen open"]
[Site "Hoogeveen, Netherlands"]
[Date "2008.10.23"]
[Round "7"]
[White "Di Berardino, Diego Rafael"]
[Black "Prasanna, Rao"]
[Result "1-0"]
[WhiteElo "2502"]
[BlackElo "2311"]
[PlyCount "67"]
[EventDate "2008.??.??"]

1. e4 e5 2. Nf3 Nc6 3. Bb5 a6 4. Ba4 Nf6 5. O-O Be7 6. Re1 b5 7. Bb3 O-O 8. d4
d6 9. c3 Bg4 10. Be3 Bd7 11. Nbd2 Ng4 12. Nf1 Nxe3 13. Nxe3 Bf6 14. h3 g6 15.
Qd2 Na5 16. Bc2 Bg7 17. Rad1 f6 18. h4 Nc6 19. h5 Bh6 20. Qe2 Qe8 21. hxg6 hxg6
22. g3 Qc8 23. Nh4 Kg7 24. f4 Rh8 25. dxe5 dxe5 26. f5 Bxe3+ 27. Qxe3 g5 28.
Ng6 Rh6 29. Qc5 Qe8 30. Bb3 Rd8 31. Rd2 a5 32. Red1 a4 33. Rxd7+ Rxd7 34. Rxd7+
1-0

[Event "Hoogeveen open"]
[Site "Hoogeveen, Netherlands"]
[Date "2008.10.23"]
[Round "7"]
[White "Kaplan, Sasha"]
[Black "Vedder, Henk"]
[Result "1-0"]
[WhiteElo "2425"]
[BlackElo "2358"]
[PlyCount "93"]
[EventDate "2008.??.??"]

1. e4 e6 2. d4 d5 3. Nd2 Ne7 4. Ngf3 Ng6 5. h4 h5 6. g3 c5 7. Bg2 cxd4 8. exd5
Qxd5 9. O-O d3 10. Nb3 dxc2 11. Qxc2 Qc6 12. Qe2 Qa6 13. Qe4 Nd7 14. Bg5 Nf6
15. Bxf6 gxf6 16. Rac1 Be7 17. Nfd4 f5 18. Qf3 Qb6 19. Rfe1 Kf8 20. a4 a5 21.
Nb5 Rb8 22. Rc7 Bf6 23. Rd1 Be5 24. Rc5 Ke7 25. Qe2 f6 26. f4 Nxf4 27. gxf4
Bxf4 28. Rd4 Bg3 29. Kh1 Bd7 30. Qd3 Bc6 31. Qxg3 Bxg2+ 32. Qxg2 Rhg8 33. Rc7+
Qxc7 34. Nxc7 Rxg2 35. Kxg2 Rc8 36. Nb5 Rc2+ 37. Rd2 Rc4 38. Rd4 Rc2+ 39. Rd2
Rc4 40. N5d4 Rxa4 41. Nc5 Ra2 42. Ndxe6 b6 43. Rd7+ Ke8 44. Ng7+ Kf8 45. Nce6+
Kg8 46. Nxh5 Rxb2+ 47. Kf1 1-0

[Event "Hoogeveen open"]
[Site "Hoogeveen, Netherlands"]
[Date "2008.10.23"]
[Round "7"]
[White "Diamant, Andre"]
[Black "De Groote, Ewoud"]
[Result "1-0"]
[WhiteElo "2412"]
[BlackElo "2208"]
[PlyCount "89"]
[EventDate "2008.??.??"]

1. e4 c5 2. Nf3 d6 3. d4 cxd4 4. Nxd4 Nf6 5. Nc3 a6 6. Be2 e6 7. O-O Be7 8. f4
O-O 9. a4 Nc6 10. Be3 Re8 11. Kh1 Qc7 12. Bf3 Rb8 13. Qd2 Nd7 14. Qf2 Na5 15.
Rad1 Bf8 16. g4 b6 17. g5 g6 18. Bg2 Bb7 19. f5 exf5 20. exf5 Bxg2+ 21. Qxg2
Qb7 22. Bf4 Nc4 23. Qxb7 Rxb7 24. b3 Nce5 25. Nd5 b5 26. axb5 axb5 27. Ra1 Rc8
28. Rfe1 gxf5 29. Nxf5 Rxc2 30. Ra8 Rb8 31. Rxb8 Nxb8 32. Bxe5 dxe5 33. Nf6+
Kh8 34. Rxe5 Rc8 35. Rxb5 Nc6 36. Rb7 Ne5 37. h4 Bg7 38. Re7 Bxf6 39. gxf6 Ng4
40. Rxf7 Nh6 41. Nxh6 Rc1+ 42. Kg2 Rg1+ 43. Kf3 Rg3+ 44. Kf4 Rf3+ 45. Kg5 1-0

[Event "Hoogeveen open"]
[Site "Hoogeveen, Netherlands"]
[Date "2008.10.23"]
[Round "7"]
[White "Pel, Bonno"]
[Black "Pruijssers, Roeland"]
[Result "1-0"]
[WhiteElo "2324"]
[BlackElo "2458"]
[PlyCount "115"]
[EventDate "2008.??.??"]

1. Nc3 Nf6 2. e4 e5 3. Nf3 Nc6 4. g3 d5 5. exd5 Nxd5 6. Bg2 Nxc3 7. bxc3 Bc5 8.
O-O O-O 9. d3 Re8 10. Re1 Bb6 11. Bd2 h6 12. a4 Qf6 13. Be3 Ba5 14. Nd2 Qe7 15.
Bxc6 bxc6 16. Bd4 f6 17. Nc4 Bb6 18. a5 Bc5 19. Bxc5 Qxc5 20. Qe2 Be6 21. Qe3
Qb5 22. Reb1 Qa6 23. Nd2 Reb8 24. Qc5 Kf7 25. c4 Rxb1+ 26. Rxb1 h5 27. Re1 h4
28. f4 hxg3 29. hxg3 Rh8 30. fxe5 Rh5 31. Nf3 Bg4 32. e6+ Kg8 33. Qe3 Qc8 34.
e7 Qe8 35. Nh2 Re5 36. Nxg4 Rxe3 37. Rxe3 f5 38. Nh2 c5 39. Nf3 Kf7 40. Ng5+
Kf6 41. Nf3 g5 42. Kf2 f4 43. gxf4 gxf4 44. Re4 Kf5 45. Nh4+ Kg5 46. Ng2 f3 47.
Nh4 a6 48. Nxf3+ Kf5 49. Ke3 Kf6 50. Re5 c6 51. Kf4 Kg6 52. Nh4+ Kf6 53. Nf5
Qg6 54. e8=Q Qg5+ 55. Kf3 Qf4+ 56. Ke2 Qg4+ 57. Kd2 Qf4+ 58. Re3 1-0

[Event "Hoogeveen open"]
[Site "Hoogeveen, Netherlands"]
[Date "2008.10.23"]
[Round "7"]
[White "Bitalzadeh, Ali"]
[Black "Lammens, Tim"]
[Result "1/2-1/2"]
[WhiteElo "2370"]
[BlackElo "2288"]
[PlyCount "46"]
[EventDate "2008.??.??"]

1. e4 c5 2. Nf3 d6 3. d4 cxd4 4. Nxd4 Nf6 5. Nc3 g6 6. Be3 Bg7 7. f3 Nc6 8. Qd2
O-O 9. O-O-O d5 10. Kb1 Rb8 11. Ndb5 a6 12. Na7 e6 13. exd5 Nxd5 14. Nxd5 exd5
15. Nxc8 Rxc8 16. Qxd5 Qxd5 17. Rxd5 Nb4 18. Rc5 Rce8 19. Bd2 Rd8 20. Bd3 Nxd3
21. cxd3 Rxd3 22. Bf4 Rd4 23. Be3 Rb4 1/2-1/2

[Event "Hoogeveen open"]
[Site "Hoogeveen, Netherlands"]
[Date "2008.10.23"]
[Round "7"]
[White "Wempe, Joost"]
[Black "Vul, Arkadi Eremeevich"]
[Result "1/2-1/2"]
[WhiteElo "2291"]
[BlackElo "2351"]
[PlyCount "93"]
[EventDate "2008.??.??"]

1. d4 d5 2. c4 e6 3. Nc3 c6 4. e4 dxe4 5. Nxe4 Bb4+ 6. Bd2 Qxd4 7. Bxb4 Qxe4+
8. Be2 Na6 9. Ba5 Bd7 10. Nf3 Nf6 11. Qd6 Qf5 12. Ne5 Qxf2+ 13. Kxf2 Ne4+ 14.
Kf3 Nxd6 15. Rhd1 Ke7 16. c5 Nxc5 17. Bb4 b6 18. Rac1 Nce4 19. Bd3 f5 20. Bxe4
fxe4+ 21. Kg4 c5 22. Rxd6 Bb5 23. Rd4 cxb4 24. Rc7+ Kf6 25. Kf4 Rhf8 26. h4
Rac8 27. Rxa7 Rc2 28. Rxb4 Rf2+ 29. Kg3 Kxe5 30. Rxb5+ Kd4 31. Ra4+ Kd3 32.
Rxb6 Re2 33. Rd6+ Kc2 34. Rc4+ Kb1 35. b4 Kxa2 36. Rxe6 Rff2 37. Rexe4 Rxg2+
38. Kf4 Rgf2+ 39. Ke5 Rxe4+ 40. Rxe4 Ka3 41. Rg4 g6 42. Rf4 Rxf4 43. Kxf4 Kxb4
44. Kg5 Kc5 45. Kh6 Kd6 46. Kxh7 Ke7 47. Kxg6 1/2-1/2

[Event "Hoogeveen open"]
[Site "Hoogeveen, Netherlands"]
[Date "2008.10.23"]
[Round "7"]
[White "Balje, Jan"]
[Black "Humphrey, Jonathan"]
[Result "1/2-1/2"]
[WhiteElo "2193"]
[BlackElo "2330"]
[PlyCount "34"]
[EventDate "2008.??.??"]

1. d4 Nf6 2. c4 e6 3. Nf3 d5 4. g3 dxc4 5. Bg2 Nc6 6. Qa4 Bb4+ 7. Bd2 Nd5 8.
Bxb4 Ndxb4 9. O-O O-O 10. a3 Nd5 11. Qxc4 Nb6 12. Qd3 e5 13. Rd1 exd4 14. Nxd4
Nxd4 15. Qxd4 Qxd4 16. Rxd4 c6 17. Nc3 Be6 1/2-1/2

[Event "Hoogeveen open"]
[Site "Hoogeveen, Netherlands"]
[Date "2008.10.23"]
[Round "7"]
[White "Ducarmon, Quinten"]
[Black "Tan, Matthew"]
[Result "0-1"]
[WhiteElo "2083"]
[BlackElo "2321"]
[PlyCount "64"]
[EventDate "2008.??.??"]

1. e4 e6 2. d4 d5 3. Nd2 Nf6 4. e5 Nfd7 5. Bd3 c5 6. c3 Nc6 7. Ngf3 g6 8. h4 h6
9. O-O g5 10. dxc5 g4 11. Nd4 Ndxe5 12. Bb5 Qxh4 13. N2b3 Bd7 14. Bf4 Ng6 15.
Bg3 Qh5 16. Na5 a6 17. Naxc6 axb5 18. Nxb5 Rc8 19. Nca7 Rxc5 20. Nd6+ Bxd6 21.
Bxd6 Nh4 22. Qd4 Rg8 23. Qf6 Nf3+ 24. gxf3 gxf3+ 25. Bg3 Rc4 26. Nb5 Bxb5 27.
Rfe1 Rg6 28. Qe5 Rxg3+ 29. fxg3 Qh3 30. Qb8+ Ke7 31. Qxb7+ Kf6 32. Rxe6+ fxe6
0-1

[Event "Hoogeveen open"]
[Site "Hoogeveen, Netherlands"]
[Date "2008.10.23"]
[Round "7"]
[White "Afek, Yochanan"]
[Black "Sparenberg, Erik"]
[Result "1-0"]
[WhiteElo "2319"]
[BlackElo "2041"]
[PlyCount "55"]
[EventDate "2008.??.??"]

1. e4 c5 2. c3 Nf6 3. e5 Nd5 4. Nf3 e6 5. d4 cxd4 6. cxd4 d6 7. Nc3 Nxc3 8.
bxc3 Qc7 9. Bd2 Nc6 10. exd6 Bxd6 11. Bd3 O-O 12. O-O b6 13. Re1 Bb7 14. Bxh7+
Kxh7 15. Ng5+ Kg6 16. Qg4 Bxh2+ 17. Kh1 f5 18. Rxe6+ Rf6 19. Qh4 Bf4 20. Bxf4
Rh8 21. Rxf6+ gxf6 22. Qxh8 Qxf4 23. Qh7+ Kxg5 24. Qxb7 Nxd4 25. cxd4 Qxd4 26.
Rf1 f4 27. Qf3 f5 28. Rd1 1-0

[Event "Hoogeveen open"]
[Site "Hoogeveen, Netherlands"]
[Date "2008.10.23"]
[Round "7"]
[White "Miedema, Roi"]
[Black "Cako, Laszlo"]
[Result "1-0"]
[WhiteElo "2307"]
[BlackElo "2233"]
[PlyCount "55"]
[EventDate "2008.??.??"]

1. d4 Nf6 2. c4 e6 3. Nc3 Bb4 4. Qc2 O-O 5. Nf3 b6 6. e4 Bb7 7. Bd3 h6 8. O-O
Bxc3 9. bxc3 d6 10. Nd2 Nbd7 11. f4 c5 12. e5 Ne8 13. Ne4 Rc8 14. Qe2 Qc7 15.
Bd2 Nb8 16. Rae1 cxd4 17. cxd4 Nc6 18. Nf6+ Kh8 19. Nxe8 Rfxe8 20. Qe4 g6 21.
d5 exd5 22. cxd5 Ne7 23. Rc1 Qd7 24. e6 Qd8 25. Qd4+ Kh7 26. Rxc8 Qxc8 27. Rc1
Qd8 28. Bc3 1-0

[Event "Hoogeveen open"]
[Site "Hoogeveen, Netherlands"]
[Date "2008.10.23"]
[Round "7"]
[White "De Jong, Migchiel"]
[Black "Haitsma, Anne"]
[Result "1-0"]
[WhiteElo "2349"]
[BlackElo "2107"]
[PlyCount "79"]
[EventDate "2008.??.??"]

1. e4 e5 2. Nf3 Nc6 3. Bb5 a6 4. Ba4 Nf6 5. O-O Be7 6. Re1 b5 7. Bb3 O-O 8. a4
Bb7 9. d3 d6 10. Nc3 b4 11. Nd5 Na5 12. Nxe7+ Qxe7 13. Ba2 h6 14. Nh4 Nh7 15.
Ng6 Qf6 16. Nxf8 Nxf8 17. Bd2 c5 18. c3 Nc6 19. Bd5 Rb8 20. a5 Ne6 21. Qa4 Ne7
22. Bxb7 Rxb7 23. Qe8+ Kh7 24. Qa8 bxc3 25. bxc3 Rb2 26. Rad1 Ng6 27. Qc8 Nh4
28. Re2 Nf4 29. Bxf4 Rxe2 30. Bg3 Qg5 31. Qxa6 Qd2 32. Rf1 Re1 33. d4 Rxe4 34.
Bxh4 Rxh4 35. Qb7 exd4 36. g3 Rg4 37. a6 dxc3 38. a7 c2 39. a8=Q c1=Q 40. Qxf7
1-0

[Event "Hoogeveen open"]
[Site "Hoogeveen, Netherlands"]
[Date "2008.10.23"]
[Round "7"]
[White "Grover, Sahaj"]
[Black "Mellema, Andries"]
[Result "1-0"]
[WhiteElo "2313"]
[BlackElo "2097"]
[PlyCount "75"]
[EventDate "2008.??.??"]

1. e4 e6 2. d4 d5 3. Nc3 dxe4 4. Nxe4 Bd7 5. Nf3 Bc6 6. Bd3 Nd7 7. O-O Ngf6 8.
Ng3 Be7 9. Qe2 O-O 10. Ne5 Nxe5 11. dxe5 Qd5 12. f4 Nd7 13. c3 Nb6 14. Rd1 Kh8
15. b4 Ba4 16. Rd2 Bxb4 17. Kh1 Bxc3 18. Bxh7 Kxh7 19. Rxd5 Nxd5 20. Bb2 Bxb2
21. Qxb2 Bc6 22. Qf2 f6 23. Ne4 Kg8 24. Qh4 Rad8 25. Re1 Rd7 26. h3 Re7 27. Kh2
Rd7 28. Re2 a5 29. exf6 Nxf6 30. Ng5 Bd5 31. Nxe6 Bxe6 32. Rxe6 Rd2 33. Qg5 b6
34. a4 Rd7 35. h4 Rd5 36. Qg6 Rf7 37. Rxf6 Rxf6 38. Qe8+ 1-0

[Event "Hoogeveen open"]
[Site "Hoogeveen, Netherlands"]
[Date "2008.10.23"]
[Round "7"]
[White "Dal Borgo, Albin"]
[Black "Haast, Anne"]
[Result "0-1"]
[WhiteElo "2210"]
[BlackElo "2054"]
[PlyCount "50"]
[EventDate "2008.??.??"]

1. d4 Nf6 2. Nf3 g6 3. Nc3 Bg7 4. e4 d6 5. Bf4 O-O 6. Qd2 c5 7. dxc5 dxc5 8.
O-O-O Qa5 9. e5 Nh5 10. Bh6 Be6 11. h3 Nc6 12. Bxg7 Nxg7 13. g4 Nd4 14. Nxd4
cxd4 15. Qxd4 Rfd8 16. Qe3 Rxd1+ 17. Kxd1 Rd8+ 18. Kc1 Bxa2 19. f3 Ne6 20. h4
b5 21. Bd3 b4 22. Nd1 Bc4 23. h5 Bxd3 24. cxd3 b3 25. Kb1 Rc8 0-1

[Event "Hoogeveen open"]
[Site "Hoogeveen, Netherlands"]
[Date "2008.10.23"]
[Round "7"]
[White "Meurs, Tom"]
[Black "Van Apeldoorn, Janton"]
[Result "1/2-1/2"]
[WhiteElo "2110"]
[BlackElo "2188"]
[PlyCount "140"]
[EventDate "2008.??.??"]

1. e4 c5 2. Nf3 Nc6 3. d4 cxd4 4. Nxd4 Nf6 5. Nc3 e5 6. Ndb5 d6 7. Bg5 a6 8.
Na3 b5 9. Nd5 Be7 10. Bxf6 Bxf6 11. c3 Bb7 12. Nc2 Nb8 13. g3 O-O 14. Bg2 Nd7
15. O-O g6 16. f4 exf4 17. gxf4 Bg7 18. Nce3 Rc8 19. Kh1 Re8 20. a4 bxa4 21.
Qxa4 Nc5 22. Qc2 a5 23. Rad1 a4 24. f5 Bxd5 25. Nxd5 Be5 26. f6 Rb8 27. Rde1
Nd7 28. Qf2 Re6 29. Bh3 Rxf6 30. Qa7 Rxf1+ 31. Bxf1 f5 32. Qf2 Nf6 33. Nxf6+
Qxf6 34. exf5 g5 35. Bg2 Kh8 36. Ra1 Qh6 37. Bd5 g4 38. Kg1 Qh3 39. Rxa4 g3 40.
hxg3 Bxg3 41. Qc2 Bf4 42. Bg2 Qe3+ 43. Kf1 Re8 44. Re4 Rxe4 45. Qxe4 Qc1+ 46.
Qe1 Bd2 47. Qxc1 Bxc1 48. b4 Bd2 49. b5 Bxc3 50. b6 d5 51. b7 Be5 52. f6 d4 53.
Ke2 Bb8 54. Kd3 Ba7 55. Bf3 Kg8 56. Ke4 d3 57. Bd1 d2 58. Bb3+ Kf8 59. Kf5 Bb8
60. Kg5 Ba7 61. Kh6 Bb8 62. Kg5 Ba7 63. Kf5 Bb8 64. Bd1 Ba7 65. Bh5 Bb8 66. Ke6
Ba7 67. Kd7 d1=Q+ 68. Bxd1 Kf7 69. Kc7 Kxf6 70. b8=R Bxb8+ 1/2-1/2

[Event "Hoogeveen open"]
[Site "Hoogeveen, Netherlands"]
[Date "2008.10.23"]
[Round "7"]
[White "Hendriks, Richard"]
[Black "Van de Oudeweetering, Arthur"]
[Result "0-1"]
[WhiteElo "2116"]
[BlackElo "2350"]
[PlyCount "34"]
[EventDate "2008.??.??"]

1. e4 e5 2. Nf3 Nc6 3. d4 exd4 4. Nxd4 Qf6 5. Be3 Bc5 6. Nb5 Bxe3 7. fxe3 Qh4+
8. g3 Qd8 9. Qg4 g6 10. Qf4 d6 11. Bc4 Ne5 12. O-O Bh3 13. Bxf7+ Kd7 14. Rd1
Qe7 15. N1c3 g5 16. Nd5 gxf4 17. Nxe7 Nxe7 0-1

[Event "Hoogeveen open"]
[Site "Hoogeveen, Netherlands"]
[Date "2008.10.23"]
[Round "7"]
[White "Rademakers, Evert"]
[Black "Algra, Jouke"]
[Result "0-1"]
[WhiteElo "2151"]
[BlackElo "2113"]
[PlyCount "56"]
[EventDate "2008.??.??"]

1. d4 Nf6 2. Nf3 e6 3. c4 c5 4. e3 Be7 5. Nc3 O-O 6. Bd3 d5 7. O-O Nc6 8. a3 a6
9. dxc5 Bxc5 10. b4 Be7 11. Bb2 Qc7 12. Rc1 dxc4 13. Bxc4 Nxb4 14. Qe2 Nc6 15.
e4 Qf4 16. g3 Qg4 17. e5 Nd7 18. Rce1 b5 19. Bd3 Bb7 20. Ne4 Nc5 21. Bb1 Na5
22. h3 Qxh3 23. Nf6+ gxf6 24. exf6 Bd6 25. Qe3 Kh8 26. Rd1 Bxg3 27. fxg3 Qxg3+
28. Kh1 Rg8 0-1